| 000 | 01990nam0a22003371 4500 | ||
|---|---|---|---|
| 001 | rc\3336276 | ||
| 005 | 20260407103550.0 | ||
| 010 |
_91900 _bВ пер. _d98 к. |
||
| 021 |
_aRU _b[72-64311] |
||
| 035 | _a(NLR Aleph) 007515105 | ||
| 090 |
_a7707666 _c7707666 |
||
| 100 | _a20130115d1972 |||y0rusy50 ca | ||
| 101 | 0 | _arus | |
| 102 | _aRU | ||
| 105 | _aac z |1||| | ||
| 200 | 1 |
_aТеплофизические свойства и газодинамика высокотемпературных сред _e[сборник работ Лаборатории новых процессов производства электроэнергии института] _eпосвящается 80-летию члена-корреспондента АН СССР А.С. Предводителева _fАН СССР. М-во энергетики и электрификации СССР. Гос. науч.-исслед. энерг. ин-т им. Г.М. Кржижановского _g[отв. ред. д-р техн. наук, проф. В.П. Мотулевич] |
|
| 210 |
_aМосква _cНаука _d1972 |
||
| 215 |
_a176 с., 1 л. портр. _cил. _d26 |
||
| 320 | _aСписки литературы в конце работ | ||
| 606 |
_aТеплотехника _jСборники _9940978 _3RU\NLR\AUTH\6629507 |
||
| 606 |
_aГазы _jСборники _xТеплофизические свойства при высоких температурах _91311900 _3RU\NLR\AUTH\66227722 |
||
| 686 | 1 | _aз31я43 | |
| 702 | 1 |
_aПредводителев _bА. С. _f1891-1973 _gАлександр Саввич _4570 |
|
| 702 | 1 |
_aМотулевич _bВ. П. _gВладислав Павлович _4340 |
|
| 712 | 0 | 2 |
_4650 _aЭнергетический институт им. Г. М. Кржижановского _cМосква _3RU\NLR\AUTH\889932479 _9360249 |
| 801 | 0 |
_aRU _bNLR _gpsbo |
|
| 801 | 1 |
_aRU _bELAR _2rusmarc |
|
| 852 |
_aNLR _j72-7/1439 |
||
| 942 | _cBOOK | ||
| 980 | _aNB | ||